Negocios exitosos : Como empezar, administrar y operar eficientemente un negocio

Bibliographic Details
Main Author: Fleitman, Jack
Format: Section = Libro
Language:Undetermined
Spanish
Published: México McGraw-Hill 2000
Subjects:
LEADER 00683nam a2200241Ia 4500
008 240830s9999 xx 000 0 und d
020 |a 970-10-2694-2 
040 |a B-ESTELÍ- RUACS / 338.7 F596 
041 |a spa 
082 |a 338.7 F596 
100 1 |a Fleitman, Jack 
245 1 0 |a Negocios exitosos : Como empezar, administrar y operar eficientemente un negocio 
260 |a México  |b McGraw-Hill  |c 2000 
300 |a 383 p:il 
650 7 |a EMPRESAS Y SOCIEDADES 
650 7 |b  PLAN DE NEGOCIOS 
650 7 |c  MECADOTECNIA 
650 7 |d  ADMINISTRACION 
650 7 |e  OPERACION Y PRODUCCION 
650 7 |f  CONTABILIDAD Y FINANZAS 
942 |c BK  |2 ddc 
991 |a TEXTO 
999 |c 10789